000 00728pam a2200241 i 4500
008
020 _a0070485186 (pbk.)
049 _aMAIN
090 _aQH583.2
100 1 _aParsons, John A.
245 1 0 _aExercises in cell biology /
_cJohn A. Parsons and Harriette Schapiro.
260 _aNew York :
_bMcGraw-Hill,
_c1975
300 _avii, 125 p. :
_bill. ;
_c28 cm.
440 0 _aMcGraw-Hill series in cell biology
650 0 _aCytology
_xLaboratory manuals.
650 2 _aCytology
_vlaboratory manuals.
700 1 _aSchapiro, Harriette
907 _a.b10013428
_b26-09-05
_c17-04-03
003
005 20230123134109.0
040 _cNUST
942 _cBOOKS
_kQH583.2
999 _c159995
_d159995